000 00826cam a2200253 a 4500
001 17531879
005 20180214035901.0
008 121116s2014 maua b 001 0 eng
010 _a 2012043910
020 _a9780132991261
020 _a0132991268
040 _aDLC
_cDLC
_dDLC
041 _aeng
042 _apcc
080 _a658.049 CAV
082 0 0 _a658.049 CAV
_223
100 1 _a58
101 _aBIZ
245 1 0 _aInternational business :
_cS. Tamer Cavusgil, Gary Knight, John R. Riesenberger.
504 _aIncludes bibliographical references ( p.545 - 566) and indexes.
906 _a7
_bcbc
_corignew
_d1
_eecip
_f20
_gy-gencatlg
942 _2ddc
_cBK
999 _c42468
_d42468